00362nam a2200145Ia 4500008004100000020001500041041001200056082001600068100001500084245004500099250000800144260004400152300000800196650001200204221030s9999 xx 000 0 und d a0521794358 aEnglish a105.23bCry aD. Crystal 4aThe Cambridge Fact Findercby D. Crystal a4th bCambridge University PressaIndiac2001 a938 aGeneral